000 00539nam a2200181Ia 4500
003 GCL
008 140319s9999 xx 000 0 ara d
040 _aGCL /
_cGCL
082 0 4 _a410
_bم ب
100 1 _aمحمود فهمى حجازى
245 1 0 _aالبحث اللغوى /
_cمحمود فهمى حجازى
300 _a158 ص
490 _aكتاب
_v0
650 0 4 _aاللغة العربية
650 0 4 _aاللغة العربية - المعاجم
650 0 4 _aاللغة العربية - طرق البحث
942 _2ddc
_cBK
999 _c41998
_d41998